| 000 | 00403 a2200109 4500 | ||
|---|---|---|---|
| 001 | ART_7894 | ||
| 005 | 20260410161638.0 | ||
| 008 | 260409a | ||
| 245 | 1 | 0 | _aDiferencias de cambio sobre inversiones en el exterior. Algunas consideraciones emergentes de un reciente antecedente |
| 100 | 1 | _aCalcagno, Gabriel A | |
| 773 | 0 |
_tConsultor tributario _g- Vol. 2, NÂș 17 (jul. 2008) _wREV474 |
|
| 999 |
_c13098 _d13098 |
||